Oberösterreichische Bezirke - Statistiken

Allgemein
  • Dieses Quiz wurde 334 mal gespielt
  • Das Durchschnittsergebnis liegt bei 16 aus 18
Antwortstatistiken
Abk. Bezirk % Korrekt
GM Gmunden
98%
L Linz
98%
WE Wels
98%
LL Linz- Land
97%
BR Braunau am Inn
96%
EF Eferding
94%
RI Ried im Innkreis
94%
WL Wels- Land
94%
VB Vöcklabruck
93%
FR Freistadt
91%
PE Perg
91%
RO Rohrbach
90%
UU Urfahr- Umgebung
90%
GR Grieskirchen
88%
SE Steyr
88%
KI Kirchdorf an der Krems
85%
SD Schärding
82%
SR Steyr- Land
76%
Keine übereinstimmenden Quizze gefunden
Verteilung der Resultate
Anzahl Personen mit jedem Resultat
Perzentil nach korrekt beantworteten Fragen
Ihre Resultats-Entwicklung
Sie haben dieses Quiz noch nicht gespielt